00988nam a2200265Ia 4500008004100000020003000041020001500071040001800086041000800104100008000112245009700192260003900289300001700328490003800345504003000383600009000413650002800503650002700531650002300558650002500581650002400606700003200630700002600662765003400688130821s1993 sp gr spa  a8448701194cobra completa a8448701291 aCo-BoUCMbspa00aspa1 aMontesquieu, Charles Louis de Secondat, baron de la Brède y ded1689-175510aDel espíritu de las leyescMontesquieu ; traducido por Mercedes Blázquez y Pedro de Vega aBarcelona (España)bAltayac1993 a4volúmenes 0aGrandes obras del pensamientov10 aIncluye índice general.14aSecondat, Charles-Louis decBarón de Montesquieud1689-1755xPensamiento político04aFilosofía del derecho04aFilosofía política04aFormas de gobierno04aTeoría del derecho04aTeoría del estado1 aBlázquez, Mercedesetrad.1 aVega, Pedro deetrad. tDe l'espirit des louis (1750)